Podpora budovania priemyselných parkov v SR
Legislatívne zabezpečenie budovania priemyselných parkov v SR. Podpora budovania priemyselných parkov v Slovenskej republike. Mapa štátnej pomoci pre SR na roky 2007-2013. Podpora budovania „hnedých“ priemyselných parkov.
Salvato in:
| Autore principale: | |
|---|---|
| Natura: | Capitolo di libro |
| Lingua: | slovacco |
| Soggetti: | |
| Tags: |
Nessun Tag, puoi essere il primo ad aggiungerne!!
|
MARC
| LEADER | 00000nla a2200000 4500 | ||
|---|---|---|---|
| 001 | 0158289 | ||
| 005 | 20240502072746.2 | ||
| 041 | 0 | |a slo | |
| 044 | |a SK | ||
| 245 | 1 | 0 | |a Podpora budovania priemyselných parkov v SR |c Jarmila Vidová |
| 520 | |a Legislatívne zabezpečenie budovania priemyselných parkov v SR. Podpora budovania priemyselných parkov v Slovenskej republike. Mapa štátnej pomoci pre SR na roky 2007-2013. Podpora budovania „hnedých“ priemyselných parkov. | ||
| 610 | 2 | 0 | |a Slovensko |
| 610 | 2 | 0 | |a parky priemyselné |
| 610 | 2 | 0 | |a pomoc štátna |
| 610 | 2 | 0 | |a legislatíva |
| 610 | 2 | 0 | |a politika regionálna |
| 610 | 2 | 0 | |a podpora podnikania |
| 100 | 1 | |a Vidová, Jarmila, 1967- | |